[Event "Titled Tue 17th Jun Early"]
[Site "chess.com INT"]
[Date "2025.06.17"]
[Round "2"]
[White "Smirnov, Mark"]
[Black "Maghsoodloo, Parham"]
[Result "0-1"]
[WhiteTitle "FM"]
[BlackTitle "GM"]
[WhiteElo "2352"]
[BlackElo "2691"]
[WhiteFideId "13764594"]
[BlackFideId "12539929"]
[EventDate "2025.06.17"]

1. e4 c5 2. Nf3 e6 3. g3 a6 4. d4 cxd4 5. Nxd4 h5 6. Bg2 h4 7. O-O Bc5 8. Be3 d6
9. Nc3 Nd7 10. Qg4 Ngf6 11. Qe2 Ne5 12. Rad1 Qc7 13. Nf3 hxg3 14. hxg3 Neg4 15.
Bxc5 Qxc5 16. Qd2 Ke7 17. Rfe1 Bd7 18. e5 dxe5 19. b4 Qc7 20. Ne4 Bc6 21. Nfg5
Rac8 22. c4 Rhd8 23. Qb2 Bxe4 24. Nxe4 Nxe4 25. Rxd8 Rxd8 26. Bxe4 Rd4 27. c5
Nf6 28. Bf3 Nd7 29. Kg2 f5 30. Rc1 Nf6 31. c6 bxc6 32. Rxc6 Qd7 33. Qc2 Ne8 34.
Qc5+ Kf6 35. Rc8 Nd6 36. Rf8+ Nf7 37. Qc3 g6 38. Be2 Kg7 0-1

[Event "Titled Tue 17th Jun Early"]
[Site "chess.com INT"]
[Date "2025.06.17"]
[Round "2"]
[White "Novosel, Lovro"]
[Black "Nagare Kaivalya Sandip"]
[Result "0-1"]
[WhiteTitle "FM"]
[BlackTitle "FM"]
[WhiteElo "2338"]
[BlackElo "2321"]
[WhiteFideId "14547120"]
[BlackFideId "25957929"]
[EventDate "2025.06.17"]

1. d4 Nf6 2. Nf3 g6 3. g3 Bg7 4. Bg2 O-O 5. O-O d5 6. c4 c6 7. Qb3 a5 8. Nc3
dxc4 9. Qxc4 b5 10. Qd3 b4 11. Na4 Ba6 12. Qc2 Nbd7 13. Rd1 Rc8 14. Nc5 Bb5 15.
a4 bxa3 16. Rxa3 Qb6 17. Be3 Rfd8 18. Rda1 Nd5 19. Rxa5 Nxe3 20. fxe3 Nxc5 21.
dxc5 Qb8 22. Ra7 Rc7 23. Ra8 Qxa8 24. Rxa8 Rxa8 25. Nd4 Rb8 26. b4 Bxd4 27. exd4
e6 28. h4 h6 29. h5 g5 30. Qe4 Ra8 31. Qe5 Ra1+ 32. Kf2 Rca7 33. Bf3 R1a2 34.
Qf6 Kh7 35. Be4+ Kg8 36. Bf3 Kh7 37. Be4+ Kg8 38. g4 Rxe2+ 39. Kf3 Ra3+ 40. Bd3
Bxd3 41. Qxh6 Bb5# 0-1

[Event "Titled Tue 17th Jun Early"]
[Site "chess.com INT"]
[Date "2025.06.17"]
[Round "2"]
[White "Modric, Nesa"]
[Black "Tovmasian, Vardges"]
[Result "0-1"]
[WhiteTitle "CM"]
[BlackTitle "IM"]
[WhiteElo "2088"]
[BlackElo "2352"]
[WhiteFideId "922579"]
[BlackFideId "13302736"]
[EventDate "2025.06.17"]

1. d4 Nf6 2. Bg5 e6 3. Nf3 h6 4. Bh4 c5 5. e3 Qb6 6. Nbd2 Nc6 7. Nc4 Qc7 8. Bg3
Qd8 9. Nd6+ Bxd6 10. Bxd6 cxd4 11. exd4 Ne4 12. Ba3 d6 13. Bd3 f5 14. Bxe4 fxe4
15. Nd2 O-O 16. Nxe4 Qh4 17. Qd3 d5 18. Ng3 Rf6 19. c3 Bd7 20. O-O Kh8 21. Rae1
Rc8 22. Bd6 a6 23. a4 Na5 24. Be7 Bxa4 25. Bxf6 Qxf6 26. Qe3 Bb5 27. Qxe6 Qxe6
28. Rxe6 Bxf1 29. Nxf1 Nc4 30. Ne3 Nxb2 31. Nxd5 Na4 32. Re3 b5 33. f4 Nb2 34.
Ne7 Rc7 35. Ng6+ Kh7 36. f5 h5 37. h4 Rf7 38. Ne7 Nd1 39. Rd3 Nb2 40. Re3 a5 41.
d5 Nc4 42. Re6 a4 43. Nc6 Rxf5 44. d6 Rd5 0-1

[Event "Titled Tue 17th Jun Early"]
[Site "chess.com INT"]
[Date "2025.06.17"]
[Round "2"]
[White "Villa, Ma. Elayza"]
[Black "Melillo, Lucius"]
[Result "0-1"]
[BlackTitle "FM"]
[WhiteElo "1819"]
[BlackElo "2170"]
[WhiteFideId "5224292"]
[BlackFideId "30958245"]
[EventDate "2025.06.17"]

1. d4 e6 2. Bf4 c5 3. c3 Qb6 4. Qc2 cxd4 5. cxd4 Nc6 6. e3 d6 7. Nf3 Bd7 8. Nbd2
d5 9. Bd3 Nb4 10. Qb3 Nxd3+ 11. Qxd3 Nf6 12. Qb3 Qa6 13. Ne5 Ba4 14. Qd3 Bb5 15.
Qb3 Rc8 16. f3 Ba4 17. Qd3 Rc2 18. b3 Qxd3 19. Nxd3 Bb5 20. Ke2 Bb4 21. Rhd1 Ne4
22. fxe4 dxe4 23. Rac1 exd3+ 24. Ke1 Kd7 25. Rxc2 dxc2 26. Rc1 Rc8 27. e4 Ba3
28. Nf3 Bxc1 29. Bxc1 f6 30. Kd2 Bc6 31. e5 Bxf3 32. gxf3 fxe5 33. dxe5 Kc6 34.
Bb2 Kd5 35. Bc1 Rf8 36. Kxc2 Rxf3 37. h4 Kxe5 38. Kb2 Kf5 39. Bg5 e5 40. Be7 e4
41. Kc2 e3 42. Kd3 Rf4 43. Kxe3 Re4+ 44. Kf3 Rxe7 0-1

[Event "Titled Tue 17th Jun Early"]
[Site "chess.com INT"]
[Date "2025.06.17"]
[Round "2"]
[White "Fernandez Garcia, Gumersindo"]
[Black "Zmijanac, Dusko"]
[Result "0-1"]
[WhiteTitle "CM"]
[BlackTitle "FM"]
[WhiteElo "2197"]
[BlackElo "2007"]
[WhiteFideId "24516740"]
[BlackFideId "908762"]
[EventDate "2025.06.17"]

1. d4 c5 2. d5 Nf6 3. c4 g6 4. Nc3 Bg7 5. e4 d6 6. Bg5 O-O 7. Qd2 Re8 8. Nf3 Na6
9. Be2 Nc7 10. O-O Bg4 11. a4 b6 12. h3 Bxf3 13. Bxf3 a6 14. Be2 Rb8 15. Bd3 b5
16. axb5 axb5 17. cxb5 Qd7 18. Ra7 Qd8 19. Rfa1 e6 20. Bc4 exd5 21. exd5 Re7 22.
Qf4 Nce8 23. Rxe7 Qxe7 24. Ra6 Qd7 25. b3 Nh5 26. Qd2 h6 27. Be3 g5 28. Na4 f5
29. Qe2 Nhf6 30. Bd2 Ne4 31. Be1 Qf7 32. f3 N4f6 33. Bg3 f4 34. Be1 Nh5 35. b6
Bd4+ 36. Kh1 Ng3+ 37. Bxg3 fxg3 38. Ra7 Qf6 39. Qe6+ Qxe6 40. dxe6 Nf6 41. b7 d5
42. Ra8 Be5 43. Rxb8+ Bxb8 44. Bb5 Kf8 45. Nxc5 Ke7 46. Nd7 Nxd7 47. exd7 Ba7
48. Bc6 Kd8 49. Bxd5 Kxd7 50. b8=Q Bxb8 51. Kg1 Kd6 52. Bc4 Kc5 53. Kf1 Kd4 54.
Ke2 Bf4 55. Bd3 Kc3 56. Bc4 Kd4 57. Bf7 Kc3 58. Kd1 Be3 59. Ke2 Bf4 60. Be6 h5
61. Bf7 h4 62. Be6 Be5 63. Ke3 Bf4+ 64. Ke4 Kd2 65. b4 Ke1 66. Kd3 Kf2 67. b5
Kxg2 68. Ke2 Kh2 69. b6 g2 0-1

[Event "Titled Tue 17th Jun Early"]
[Site "chess.com INT"]
[Date "2025.06.17"]
[Round "2"]
[White "Kalyani Sirin"]
[Black "Mummana Venkata Ruthvik"]
[Result "1-0"]
[WhiteTitle "WFM"]
[BlackTitle "CM"]
[WhiteElo "2138"]
[BlackElo "2237"]
[WhiteFideId "33323500"]
[BlackFideId "25697307"]
[EventDate "2025.06.17"]

1. e4 e6 2. d4 d5 3. e5 c5 4. c3 Nc6 5. Nf3 Qb6 6. Be2 cxd4 7. cxd4 Bd7 8. O-O
Nge7 9. Nc3 Nf5 10. Na4 Qd8 11. Be3 Be7 12. Rc1 b6 13. Bd3 O-O 14. Bxf5 exf5 15.
Nc3 Be6 16. Ne1 Rc8 17. Nd3 Qd7 18. Nf4 Rfd8 19. Qf3 Na5 20. Ncxd5 Rxc1 21.
Nxe7+ Qxe7 22. Rxc1 Bxa2 23. Qh3 g6 24. Qg3 Kh8 25. Nh5 Qe6 26. Nf6 Rc8 27.
Rxc8+ Qxc8 28. Qh4 h5 29. Qg5 Qf8 30. d5 Nc4 31. Bd4 Qg7 32. e6 fxe6 33. dxe6
Nd6 34. e7 Bf7 35. Bc3 Nb5 36. Nxh5 Nxc3 37. Nxg7 Ne2+ 38. Kf1 Kxg7 39. Kxe2 1-0

[Event "Titled Tue 17th Jun Early"]
[Site "chess.com INT"]
[Date "2025.06.17"]
[Round "2"]
[White "Garcia Correa, Jose Ricardo"]
[Black "Gogolev, Artem"]
[Result "0-1"]
[WhiteTitle "FM"]
[BlackTitle "IM"]
[WhiteElo "2103"]
[BlackElo "2240"]
[WhiteFideId "5101832"]
[BlackFideId "4116615"]
[EventDate "2025.06.17"]

1. e4 c6 2. d4 d5 3. Nc3 dxe4 4. Nxe4 Nf6 5. Ng5 h6 6. N5f3 Bf5 7. Bd3 e6 8. c3
Bxd3 9. Qxd3 c5 10. Ne2 Nc6 11. Qb5 Qb6 12. Qxb6 axb6 13. Be3 Be7 14. O-O O-O
15. Rfd1 Nd5 16. a3 Na5 17. Bc1 Rfd8 18. Nf4 Nb3 19. Rb1 cxd4 20. Nxd5 Rxd5 21.
cxd4 Bf6 22. Be3 Rad8 23. Kf1 Nxd4 24. Nxd4 Bxd4 25. Bxd4 Rxd4 26. Rxd4 Rxd4 27.
Ke2 Kf8 28. Rc1 Ke7 29. Rc7+ Rd7 30. Rc4 Kd6 31. Rb4 Kc5 32. Rb3 b5 33. Rc3+ Kb6
34. Ke3 Rd5 35. Rb3 Kc6 36. Rc3+ Rc5 37. Rb3 Rc2 38. g3 e5 39. h4 g5 40. hxg5
hxg5 41. f4 exf4+ 42. gxf4 g4 43. Ke4 Rf2 44. Kf5 Rf3 45. Rb4 g3 0-1

[Event "Titled Tue 17th Jun Early"]
[Site "chess.com INT"]
[Date "2025.06.17"]
[Round "2"]
[White "Balavignan, Ashvin"]
[Black "Chaulagain, Purusottam"]
[Result "1-0"]
[WhiteTitle "CM"]
[BlackTitle "CM"]
[WhiteElo "2023"]
[BlackElo "1952"]
[WhiteFideId "3261425"]
[BlackFideId "12300730"]
[EventDate "2025.06.17"]

1. d4 d5 2. c4 e6 3. g3 c6 4. Bg2 Nf6 5. Nf3 dxc4 6. O-O b5 7. Ne5 Bb7 8. a4 a6
9. axb5 axb5 10. Rxa8 Bxa8 11. b3 cxb3 12. Qxb3 Bd6 13. Nc3 Nd5 14. Ne4 Bxe5 15.
dxe5 O-O 16. Nd6 Nd7 17. Bb2 f6 18. Bh3 f5 19. e4 Nc5 20. Qc2 Nxe4 21. Nxe4 fxe4
22. Bxe6+ Kh8 23. Qxe4 Qe7 24. Bh3 c5 25. Qe2 c4 26. Bd4 Qb7 27. f3 Ne7 28. Bg2
Nc6 29. Ba1 Qb6+ 30. Kh1 Nb4 31. e6 Nd3 32. f4 Bxg2+ 33. Kxg2 Re8 34. f5 Qc6+
35. Qf3 Qc5 36. f6 gxf6 37. Qxf6+ Kg8 38. Qg7# 1-0

[Event "Titled Tue 17th Jun Early"]
[Site "chess.com INT"]
[Date "2025.06.17"]
[Round "2"]
[White "Olhovik, Andrei"]
[Black "Caruana, Fabiano"]
[Result "1-0"]
[WhiteTitle "FM"]
[BlackTitle "GM"]
[WhiteElo "2282"]
[BlackElo "2777"]
[WhiteFideId "13507397"]
[BlackFideId "2020009"]
[EventDate "2025.06.17"]

1. d4 Nf6 2. c4 c6 3. Nf3 d5 4. e3 Bf5 5. Nc3 e6 6. Nh4 Be4 7. f3 Bg6 8. Nxg6
hxg6 9. g3 Bd6 10. Kf2 Nbd7 11. Kg2 Qe7 12. e4 dxe4 13. fxe4 e5 14. d5 Bc5 15.
Bd3 Bd4 16. Bg5 Qd6 17. Ne2 Bb6 18. h3 Nc5 19. Nc3 Ba5 20. Qe2 Bxc3 21. bxc3
Nfd7 22. g4 Rc8 23. Rhf1 f6 24. Be3 g5 25. Bc2 Nf8 26. Qf2 cxd5 27. Rad1 b6 28.
Rxd5 Qc6 29. Bxg5 Ng6 30. Qf5 Ne7 31. Rxe5 Rc7 32. Qg6+ Kd8 33. Qxg7 Rg8 34.
Qxf6 Qxf6 35. Bxf6 Rd7 36. Rd1 Re8 37. Rxd7+ Nxd7 38. Rxe7 Rxe7 39. Bxe7+ Kxe7
40. Kf3 Kf6 41. Kf4 Ne5 42. g5+ Ke6 43. h4 Ng6+ 44. Kg4 Ne5+ 45. Kg3 Kf7 46. h5 1-0

[Event "Titled Tue 17th Jun Early"]
[Site "chess.com INT"]
[Date "2025.06.17"]
[Round "2"]
[White "Tikhonov, Viacheslav"]
[Black "Popov, Tikhon"]
[Result "0-1"]
[WhiteTitle "CM"]
[BlackTitle "CM"]
[WhiteElo "2183"]
[BlackElo "2173"]
[WhiteFideId "44196407"]
[BlackFideId "24252026"]
[EventDate "2025.06.17"]

1. e4 c5 2. Nf3 e6 3. b3 b6 4. Bb2 Bb7 5. Qe2 Nc6 6. g3 d6 7. Bg2 e5 8. O-O Nf6
9. c3 Be7 10. d4 cxd4 11. cxd4 Nxd4 12. Nxd4 exd4 13. Bxd4 O-O 14. Rd1 Re8 15.
Nc3 Bf8 16. Qd3 Nd7 17. Re1 Nc5 18. Qd2 Rc8 19. Rad1 Rc7 20. b4 Ne6 21. Be3 Qa8
22. Nd5 Rcc8 23. Rc1 Rxc1 24. Rxc1 Rc8 25. Rd1 Rc4 26. a3 Qc8 27. Rc1 Rxc1+ 28.
Qxc1 Qd7 29. Qc2 h5 30. h4 Qb5 31. Nf4 Nxf4 32. Bxf4 Qe8 33. Qd1 Bxe4 34. Bxe4
Qxe4 35. Qxh5 d5 36. Qd1 d4 37. Qd2 d3 38. Qe3 Qd5 39. Qd2 a5 40. bxa5 bxa5 41.
a4 Bb4 42. Qd1 d2 43. Kf1 Qh1+ 44. Ke2 Qe4+ 45. Kf1 Qe1+ 0-1

[Event "Titled Tue 17th Jun Early"]
[Site "chess.com INT"]
[Date "2025.06.17"]
[Round "2"]
[White "Rustamov, Rustam"]
[Black "Omariev, Maksim"]
[Result "1-0"]
[WhiteTitle "FM"]
[BlackTitle "FM"]
[WhiteElo "2334"]
[BlackElo "2304"]
[WhiteFideId "13440110"]
[BlackFideId "4193423"]
[EventDate "2025.06.17"]

1. e4 c5 2. Nf3 d6 3. d4 cxd4 4. Nxd4 Nf6 5. Nc3 a6 6. a3 e6 7. g4 Be7 8. g5
Nfd7 9. h4 b5 10. Be3 Bb7 11. Rg1 Nc5 12. f3 Nc6 13. Qd2 b4 14. Nxc6 bxc3 15.
Qxc3 Bxc6 16. b4 O-O 17. bxc5 dxc5 18. h5 f6 19. h6 g6 20. Bc4 Qc8 21. Rd1 Bb5
22. Ba2 Qc6 23. Kf2 Rad8 24. Rxd8 Bxd8 25. Qxc5 Re8 26. Qxc6 Bxc6 27. Rd1 fxg5
28. Rd6 Bb5 29. Bxe6+ Kf8 30. c4 Be7 31. Rb6 Ba4 32. Rxa6 Bc2 33. Bd5 g4 34.
fxg4 Rb8 35. Ra8 Rxa8 36. Bxa8 Bxa3 37. c5 Ba4 38. Bd5 Bd7 39. g5 Bc8 40. c6 Ke7
41. Kf3 Bd6 42. Bf4 Bxf4 43. Kxf4 Kd6 44. Bg8 Kxc6 45. Bxh7 Bf5 46. exf5 1-0

[Event "Titled Tue 17th Jun Early"]
[Site "chess.com INT"]
[Date "2025.06.17"]
[Round "2"]
[White "Yildiz, Egehan"]
[Black "Sailer, Mike"]
[Result "1-0"]
[WhiteTitle "FM"]
[WhiteElo "2198"]
[BlackElo "2108"]
[WhiteFideId "44518072"]
[BlackFideId "2012901"]
[EventDate "2025.06.17"]

1. d4 d5 2. c4 Bf5 3. Nc3 e6 4. Qb3 Nc6 5. Be3 Bb4 6. Nf3 Nf6 7. g3 a5 8. a4 O-O
9. Bg2 dxc4 10. Qxc4 Nd5 11. Bd2 Bc2 12. Nxd5 Bxd2+ 13. Nxd2 exd5 14. Qxc2 Nxd4
15. Qd3 c5 16. O-O Qf6 17. e3 Nc6 18. Qb5 Nb4 19. b3 b6 20. Rfd1 Rad8 21. Rac1
Na2 22. Rc2 Nc3 23. Rxc3 Qxc3 24. Qxb6 d4 25. e4 Qc2 26. Bf3 Rfe8 27. Qxa5 Rb8
28. Qa6 h6 29. Qc4 Qa2 30. Kg2 Rec8 31. Bg4 Rb4 32. Qd5 Rcb8 33. Qxc5 d3 34. e5
Qc2 35. Qxc2 dxc2 36. Rc1 Rd4 37. Rxc2 Rbd8 38. Nc4 Rxg4 39. f4 Rg5 40. fxg5
hxg5 41. a5 g4 42. a6 Ra8 43. Ra2 Rxa6 44. Rxa6 1-0

[Event "Titled Tue 17th Jun Early"]
[Site "chess.com INT"]
[Date "2025.06.17"]
[Round "2"]
[White "Asensio Ramos, Enrique Fernando"]
[Black "Beerdsen, Thomas"]
[Result "1-0"]
[WhiteTitle "CM"]
[BlackTitle "GM"]
[WhiteElo "2200"]
[BlackElo "2538"]
[WhiteFideId "2214172"]
[BlackFideId "1030108"]
[EventDate "2025.06.17"]

1. d4 d5 2. Nc3 Nf6 3. Bf4 a6 4. e3 g6 5. h4 h6 6. Nf3 Bg7 7. Ne5 Nc6 8. Nxc6
bxc6 9. Qd2 Rb8 10. b3 O-O 11. Be2 Re8 12. O-O c5 13. Na4 Ne4 14. Qe1 cxd4 15.
exd4 e5 16. Bxe5 Bxe5 17. dxe5 Rxe5 18. f4 Re8 19. Rd1 c6 20. Bf3 Bf5 21. Bxe4
Rxe4 22. Qf2 Qe7 23. Rde1 Re8 24. Rxe4 Qxe4 25. c3 a5 26. Nc5 Qe3 27. Qxe3 Rxe3
28. Rf3 Re1+ 29. Rf1 Re2 30. Rf2 Re7 31. a3 Kf8 32. Kf1 Re3 33. Rf3 Rxf3+ 34.
gxf3 Bc8 35. Kf2 Ke7 36. Ke3 Kd6 37. Kd4 f6 38. b4 axb4 39. cxb4 Bh3 40. a4 Bg2
41. a5 Kc7 42. Ke3 Bf1 43. Ne6+ Kd6 44. Nc5 Bb5 45. Kd4 Bc4 46. a6 Bxa6 47. Nxa6
Ke6 48. Ke3 Kf5 49. Nb8 d4+ 50. Kxd4 Kxf4 51. Nxc6 g5 52. hxg5 fxg5 53. b5 Kxf3
54. b6 g4 55. b7 g3 56. b8=Q g2 57. Qf8+ Ke2 58. Qe7+ Kf1 59. Qf6+ Ke1 60. Qe5+
Kf1 61. Qf4+ Kg1 62. Ne5 h5 63. Ke3 h4 64. Ke2 Kh1 65. Qf3 h3 66. Ng4 h2 67.
Nxh2 Kxh2 68. Qh5+ Kg1 69. Ke3 Kf1 70. Qd1# 1-0

[Event "Titled Tue 17th Jun Early"]
[Site "chess.com INT"]
[Date "2025.06.17"]
[Round "2"]
[White "Sanal, Vahap"]
[Black "Mujumdar, Sameer"]
[Result "1-0"]
[WhiteTitle "GM"]
[WhiteElo "2564"]
[BlackElo "2043"]
[WhiteFideId "6300545"]
[BlackFideId "2029707"]
[EventDate "2025.06.17"]

1. e4 c5 2. Nf3 d6 3. Bb5+ Nd7 4. a4 Nf6 5. Nc3 e6 6. O-O Be7 7. d4 cxd4 8. Qxd4
O-O 9. Rd1 a6 10. Bf1 Qc7 11. Bg5 b6 12. Bh4 Ne5 13. Bxf6 Nxf3+ 14. gxf3 gxf6
15. Bd3 Kh8 16. Kh1 Rg8 17. Rg1 Bb7 18. Ne2 Qc5 19. Rg3 Qxd4 20. Nxd4 Rac8 21.
Rag1 Rxg3 22. hxg3 Kg7 23. Kg2 Rc5 24. c3 h6 25. Ra1 d5 26. Nb3 Rc7 27. Rd1 dxe4
28. Bxe4 Bxe4 29. fxe4 Rc4 30. Rd4 Rc7 31. Kf3 Kf8 32. Rd1 Ke8 33. Rh1 Bf8 34.
Rd1 Rc4 35. Rd4 Rc7 36. Ke2 Bc5 37. Rc4 Bd6 38. Rxc7 Bxc7 39. Kd3 Kd7 40. Nd4
Be5 41. b4 Kd6 42. Nb3 Kd7 43. a5 Bc7 44. axb6 Bxb6 45. f3 h5 46. Nd4 Kd6 47. c4
a5 48. c5+ Bxc5 49. bxc5+ Kxc5 50. Kc3 a4 51. Nc2 f5 52. exf5 exf5 53. f4 Kd5
54. Kd3 f6 55. Ne3+ Kc5 56. Kc3 a3 57. Nxf5 a2 58. Kb2 Kd5 59. Ng7 h4 60. gxh4
Ke4 61. h5 Kxf4 62. h6 1-0

[Event "Titled Tue 17th Jun Early"]
[Site "chess.com INT"]
[Date "2025.06.17"]
[Round "2"]
[White "Nguyen, Ngoc Truong Son"]
[Black "Kurmangaliyeva, Liya"]
[Result "1/2-1/2"]
[WhiteTitle "GM"]
[BlackTitle "FM"]
[WhiteElo "2600"]
[BlackElo "2276"]
[WhiteFideId "12401110"]
[BlackFideId "13725831"]
[EventDate "2025.06.17"]

1. e4 c5 2. c3 d5 3. exd5 Qxd5 4. Nf3 Nf6 5. Na3 Nc6 6. d4 e6 7. Nb5 Qd8 8. dxc5
Bxc5 9. Qxd8+ Kxd8 10. Bf4 Ne4 11. Bg3 Bd7 12. Bd3 Nxg3 13. hxg3 a6 14. Nbd4 Ke7
15. Nb3 Bb6 16. O-O Rhd8 17. Rad1 Be8 18. Be4 h6 19. g4 a5 20. Nbd2 a4 21. Nc4
Bc5 22. Rfe1 Rac8 23. Ne3 Kf8 24. Nc2 Ke7 25. Ne3 Kf6 26. g3 b5 27. Ng2 Rxd1 28.
Rxd1 Rd8 29. Rxd8 Nxd8 30. Kf1 Nc6 31. Ke2 Na5 32. Nf4 Nc4 33. b3 axb3 34. axb3
Nd6 35. Bd3 Bc6 36. Nh5+ Ke7 37. Nxg7 Ne4 38. Bxe4 Bxe4 39. Nh5 Bc2 40. Nd2 b4
41. c4 e5 42. Ng7 Kf6 43. Nf5 h5 44. Ne3 Bxe3 45. Kxe3 hxg4 46. Ne4+ Ke6 47.
Nc5+ Kd6 48. Ne4+ Ke6 49. Nc5+ Kd6 50. Ne4+ Ke6 1/2-1/2

[Event "Titled Tue 17th Jun Early"]
[Site "chess.com INT"]
[Date "2025.06.17"]
[Round "2"]
[White "Hury, Tymoteusz"]
[Black "Kozusek, Daniel"]
[Result "0-1"]
[WhiteTitle "CM"]
[BlackTitle "FM"]
[WhiteElo "2115"]
[BlackElo "2345"]
[WhiteFideId "21839328"]
[BlackFideId "349500"]
[EventDate "2025.06.17"]

1. e4 c6 2. d4 d5 3. Nc3 dxe4 4. Nxe4 Nf6 5. Nxf6+ gxf6 6. Nf3 Bg4 7. c3 e6 8.
Be2 Bd6 9. O-O Nd7 10. h3 Bh5 11. b4 Qc7 12. a4 O-O 13. Nd2 Bg6 14. Nc4 Be7 15.
Re1 Kh8 16. Bd3 Rg8 17. Bf1 Nb6 18. Nxb6 axb6 19. Kh1 b5 20. a5 Qd7 21. Qf3 Bc2
22. Bf4 Bb3 23. Qh5 Bd5 24. f3 Bd6 25. Bxd6 Qxd6 26. Qxf7 Raf8 27. Qh5 Qg3 28.
Re2 Rg5 29. Qh6 Rf7 30. a6 bxa6 31. Rxa6 Rg8 32. Ra1 Bc4 33. Rd2 Bd5 34. Qe3
Rfg7 35. Qf2 Qf4 36. Re1 Rg3 37. Qe3 Qh4 38. Kh2 R3g7 39. Qf2 Qg5 40. Kh1 Qh5
41. Kh2 Qg6 42. Kh1 Qh6 43. Kh2 Qf4+ 44. Kh1 Rg3 45. Bd3 Rxf3 0-1

[Event "Titled Tue 17th Jun Early"]
[Site "chess.com INT"]
[Date "2025.06.17"]
[Round "2"]
[White "Do Valle Cardoso, Lucas"]
[Black "Azizoglu, Ferzan"]
[Result "1-0"]
[WhiteTitle "IM"]
[WhiteElo "2414"]
[BlackElo "2055"]
[WhiteFideId "2163144"]
[BlackFideId "6302726"]
[EventDate "2025.06.17"]

1. d4 Nf6 2. c4 g6 3. Nc3 Bg7 4. e4 d6 5. f3 O-O 6. Be3 c5 7. Nge2 Nc6 8. d5 Ne5
9. Ng3 e6 10. Qd2 exd5 11. cxd5 a6 12. a4 h5 13. Bg5 Qb6 14. a5 Qc7 15. Be2 Nh7
16. Be3 h4 17. Nf1 f5 18. f4 Ng4 19. Bxg4 fxg4 20. Qd3 Qe7 21. Nd2 Bd7 22. O-O
Rae8 23. Rae1 h3 24. g3 Qf7 25. Nc4 Qe7 26. e5 dxe5 27. d6 Qe6 28. Bxc5 e4 29.
Nxe4 Qf5 30. b4 Bc6 31. Nf2 Qf7 32. Nxg4 Bb5 33. Rc1 Re6 34. Nge5 Bxe5 35. fxe5
Qd7 36. Rxf8+ Nxf8 37. Qe4 Bc6 38. Qg4 Qf7 39. Rf1 Qg7 40. Rxf8+ Qxf8 41. Qxe6+
Kh7 42. Qxh3+ Kg8 43. Qe6+ Kh7 44. Qf6 Qg8 45. e6 g5 46. Qf7+ Qxf7 47. exf7 Kg7
48. f8=Q+ Kxf8 49. d7+ 1-0

[Event "Titled Tue 17th Jun Early"]
[Site "chess.com INT"]
[Date "2025.06.17"]
[Round "2"]
[White "Liyanage, Ranindu Dilshan"]
[Black "Logozar, Elijah"]
[Result "1/2-1/2"]
[WhiteTitle "IM"]
[WhiteElo "2395"]
[BlackElo "1928"]
[WhiteFideId "9915834"]
[BlackFideId "30963788"]
[EventDate "2025.06.17"]

1. Nf3 c5 2. b3 d5 3. e3 a6 4. Bb2 Nc6 5. d4 cxd4 6. exd4 Nf6 7. h3 Bf5 8. a3 e6
9. Nbd2 Bd6 10. Nh4 O-O 11. Nxf5 exf5 12. Be2 Re8 13. O-O Rc8 14. Nf3 Ne4 15. c4
dxc4 16. bxc4 Bb8 17. Rc1 Qd6 18. c5 Qg6 19. d5 Red8 20. Qb3 Na5 21. Qb4 Bc7 22.
d6 Nc6 23. Qxb7 Ba5 24. Ne5 Nxe5 25. Bxe5 Rxc5 26. Qxa6 Rxe5 27. Rc8 Qxd6 28.
Rd1 Rd5 29. Rxd5 Qxd5 30. Bc4 Qd1+ 31. Kh2 Qd6+ 32. Qxd6 Nxd6 33. Rc6 Rc8 34.
Rxc8+ Nxc8 35. Kg3 g5 36. Kf3 Nd6 37. Bd5 Kg7 38. Ke3 Bb6+ 39. Ke2 Kf6 40. a4
Ke5 41. Ba2 Kd4 42. Kf3 Kc3 43. h4 h6 44. hxg5 hxg5 45. g4 f4 46. Bd5 Kb4 47.
Bc6 f6 48. Bd7 Nf7 49. Ke4 Bxf2 50. Kf5 Bd4 51. Bb5 f3 52. Ke4 Ne5 53. Kxd4 Nxg4
54. Ke4 Ne5 55. Ke3 g4 56. Kf2 f5 57. Kg3 Ng6 58. Bd7 Ne7 59. Bb5 Nd5 60. Bd7
f4+ 61. Kf2 Nf6 62. Bxg4 Nxg4+ 63. Kxf3 Ne5+ 64. Kxf4 Nc6 65. a5 Kxa5 1/2-1/2

[Event "Titled Tue 17th Jun Early"]
[Site "chess.com INT"]
[Date "2025.06.17"]
[Round "2"]
[White "Jval Saurin Patel"]
[Black "Lazaro Azcutia, Miguel"]
[Result "1-0"]
[WhiteTitle "FM"]
[BlackTitle "CM"]
[WhiteElo "2331"]
[BlackElo "2275"]
[WhiteFideId "25968343"]
[BlackFideId "54538254"]
[EventDate "2025.06.17"]

1. d4 d5 2. c4 e6 3. Nc3 Nf6 4. cxd5 exd5 5. Bg5 c6 6. Qc2 h6 7. Bh4 g6 8. e3
Bf5 9. Bd3 Bxd3 10. Qxd3 Nbd7 11. Nge2 Be7 12. f3 O-O 13. O-O Re8 14. Bf2 c5 15.
Nf4 cxd4 16. Qxd4 Bc5 17. Qd2 Nb6 18. b3 Rc8 19. Qd3 Kg7 20. Rad1 Qe7 21. Rfe1
Red8 22. Re2 Rd7 23. h4 Bb4 24. Nb5 a6 25. Nd4 Rc3 26. Qb1 h5 27. Be1 Rc8 28.
Bg3 Bc5 29. Kh2 Re8 30. Rde1 Qf8 31. Rc1 Rc8 32. Rec2 Ba3 33. Nde6+ fxe6 34.
Nxe6+ Kf7 35. Nxf8 Rxc2 36. Rxc2 Bxf8 37. Rc7 Rxc7 38. Bxc7 Nc8 39. Qd3 Ne7 40.
Be5 Nd7 41. Bd6 Ke6 42. Bxe7 Bxe7 43. Qxg6+ Nf6 44. g4 Bd6+ 45. Kg2 hxg4 46.
fxg4 1-0

[Event "Titled Tue 17th Jun Early"]
[Site "chess.com INT"]
[Date "2025.06.17"]
[Round "2"]
[White "Aaradhya Das"]
[Black "Altynbek, Aiaru"]
[Result "0-1"]
[WhiteTitle "WCM"]
[BlackTitle "WFM"]
[WhiteElo "1786"]
[BlackElo "1977"]
[WhiteFideId "33361436"]
[BlackFideId "13752472"]
[EventDate "2025.06.17"]

1. e4 e5 2. Nf3 Nc6 3. c3 d5 4. Qa4 dxe4 5. Nxe5 Qd5 6. Bb5 Bd7 7. Nxd7 Qxd7 8.
Qxe4+ Nge7 9. O-O O-O-O 10. d4 a6 11. Ba4 h5 12. Be3 h4 13. c4 Qe6 14. Qxe6+
fxe6 15. Rd1 g6 16. Nc3 Bg7 17. Bxc6 Nxc6 18. d5 exd5 19. cxd5 Nb4 20. a3 Bxc3
21. bxc3 Nxd5 22. Bd4 Rhe8 23. g3 hxg3 24. hxg3 b5 25. a4 Kb7 26. axb5 axb5 27.
Rdb1 c6 28. c4 Nc7 29. Ra7+ Kb8 30. Bb6 Na8 31. Bxd8 Kxa7 32. Bg5 bxc4 33. Be3+
Ka6 34. Rb4 Re4 35. Kg2 Nc7 36. Kf3 Nd5 37. Ra4+ Kb5 0-1

[Event "Titled Tue 17th Jun Early"]
[Site "chess.com INT"]
[Date "2025.06.17"]
[Round "2"]
[White "Lee, Qing Aun"]
[Black "Oro, Faustino"]
[Result "0-1"]
[WhiteTitle "FM"]
[BlackTitle "IM"]
[WhiteElo "2280"]
[BlackElo "2465"]
[WhiteFideId "5804167"]
[BlackFideId "20000197"]
[EventDate "2025.06.17"]

1. d4 Nf6 2. Nc3 d5 3. Bf4 a6 4. e3 h6 5. Nf3 e6 6. Ne5 c5 7. g4 Nc6 8. h4 Bd6
9. Bg2 Qc7 10. g5 Nd7 11. Nxd7 Bxd7 12. Bxd6 Qxd6 13. dxc5 Qxc5 14. Qd2 O-O-O
15. O-O-O Kb8 16. Kb1 Bc8 17. Ne2 Ne7 18. f4 f6 19. gxh6 Rxh6 20. e4 Rhh8 21. e5
Nf5 22. h5 Bd7 23. Bf3 Rc8 24. c3 Qc7 25. Nd4 Ne7 26. Rde1 Rcf8 27. Bg4 fxe5 28.
Rxe5 Nc6 29. Nxc6+ Bxc6 30. Bxe6 d4 31. Rhe1 dxc3 32. Qxc3 Rxf4 33. Bb3 Qd6 34.
Re7 Rxh5 35. Qxg7 Rc5 36. a3 Ka7 37. R7e6 Qd3+ 38. Ka2 Rf3 39. Bd1 Bd5+ 40. b3
Bxb3+ 41. Bxb3 Qxb3+ 42. Ka1 Qxa3+ 0-1